La carrière de Ronaldo Nazario - Statistiques

Statistiques générales
  • Ce quiz a été pris 108 fois
  • Le résultat moyen est 5 sur 7
Statistiques - réponses
Année Match But Réponse % Correct
2002 - 2007 177 104 Real Madrid
98%
1997 - 2002 99 59 Inter Milan
97%
1996 - 1997 49 47 FC Barcelone
91%
2007 - 2008 20 9 AC Milan
84%
1994 - 1996 57 54 PSV Eindhoven
69%
1993 - 1994 47 44 Cruzeiro EC
23%
2008 - 2011 69 35 SC Corinthians
22%
Aucun quiz correspondant
Distribution des résultats
% des personnes avec chaque résultat
Percentile par nombre de réponses
Votre historique - résultats
Vous n’avez pas pris ce quiz